000 01914cam a22003731i 4500
003 SA-RiAUC
005 20250115125804.0
008 250115s2004 le g b 001 0cara c
040 _aSA-RiAUC
_bara
_cSA-RiAUC.
_erda
050 1 4 _b. S83 2004
082 0 4 _a234.63
_qSA-RiAUC
090 _a234.63
_b ت ا ج
100 1 _aتاج الدين السبكي، عبد الوهاب بن علي بن عبد الكافي،
_d727-771 هجري
_eمؤلف.
245 1 0 _aمعجم الشيوخ /
_cلتاج الدين عبد الوهاب بن علي السبكي ؛ تخريج شمس الدين أبي عبد الله الصالحي ؛ حققه وعلق عليه بشار عواد معروف، رائد يوسف العنبكي، مصطفى إسماعيل الأعظمي.
250 _aالطبعة الأولى.
264 1 _aبيروت :
_bدار الغرب الإسلامي،
_c2004
300 _a828 صفحة ؛
_c24 سم
336 _aنص
_btxt
_2rdacontent
_3كتاب
337 _aبدون وسيط
_bn
_2rdamedia
338 _aمجلد
_bnc
_2rdacarrier
500 _aيشتمل على كشافات.
504 _aببليوجرافية : صفحة 810-822.
563 _aتجليد فني عادي.
590 _aالمقرشي.
650 7 _aالفقهاء
_vتراجم
_2aucsh
650 7 _aالمحدثون
_vتراجم
_vمعاجم
_2aucsh
700 1 _aابن مفلح، محمد بن مفلح بن محمد،
_d708-763 هجري
_eمخرج أحاديث.
700 1 _aمعروف، بشار عواد،
_d1940-
_eمحقق.
700 1 _aالعنبكي، رائد يوسف
_eمحقق.
700 1 _aالأعظمي، مصطفى إسماعيل
_eمحقق.
700 1 2 _iتحقيق لـ (عمل) :
_aتاج الدين السبكي، عبد الوهاب بن علي بن عبد الكافي،
_d727-771 هجري.
_tمعجم شيوخ
942 _2ddc
_cBOOK
_n0
949 _aSA-JeALM
_d250115
_ueid123
_n1
999 _c4818
_d4818